| 000 -LEADER |
| fixed length control field |
00769nam a22001817a 4500 |
| 005 - DATE AND TIME OF LATEST TRANSACTION |
| control field |
20240320111630.0 |
| 008 - FIXED-LENGTH DATA ELEMENTS--GENERAL INFORMATION |
| fixed length control field |
240320c2004 ge ||||| |||| 00| 0 geo d |
| 020 ## - INTERNATIONAL STANDARD BOOK NUMBER |
| Qualifying information |
15120880 |
| 041 ## - LANGUAGE CODE |
| Language code of text/sound track or separate title |
geo |
| 245 ## - TITLE STATEMENT |
| Title |
საქართველოს ბიბლიოთეკა : |
| Remainder of title |
2004 / |
| Statement of responsibility, etc. |
რედ.: ალექსანდრე ლორია, გურამ თაყნიაშვილი. |
| 260 ## - PUBLICATION, DISTRIBUTION, ETC. |
| Place of publication, distribution, etc. |
თბილისი, |
| Date of publication, distribution, etc. |
2000- |
| 300 ## - PHYSICAL DESCRIPTION |
| Extent |
V. |
| 653 ## - INDEX TERM--UNCONTROLLED |
| Uncontrolled term |
ბიბლიოთეკა |
| 653 ## - INDEX TERM--UNCONTROLLED |
| Uncontrolled term |
პერიოდიკა |
| 700 ## - ADDED ENTRY--PERSONAL NAME |
| Personal name |
ლორია, ალექსანდრე |
| Relator term |
რედქტორი. |
| 9 (RLIN) |
21481 |
| 700 ## - ADDED ENTRY--PERSONAL NAME |
| Personal name |
თაყნიაშვილი, გურამ |
| Relator term |
რედაქტორი. |
| 9 (RLIN) |
21480 |
| 942 ## - ADDED ENTRY ELEMENTS (KOHA) |
| Source of classification or shelving scheme |
|
| Koha item type |
პერიოდიკა |